LEADER 01012nam--2200373---450- 001 990003257090203316 005 20090527164054.0 010 $a0-8162-4544-4 035 $a000325709 035 $aUSA01000325709 035 $a(ALEPH)000325709USA01 035 $a000325709 100 $a20090527d1973----km-y0itay50------ba 101 $aeng 102 $aUS 105 $a||||||||001yy 200 1 $aLinear algebra$fBurton W. Jones 210 $aSan Francisco$cHolden Day$d1973 215 $aXI, 315 p.$d24 cm 225 2 $aHolden-Day series in mathematics 410 0$12001$aHolden-Day series in mathematics 454 1$12001 461 1$1001-------$12001 606 0 $aAlgebra lineare 676 $a512.5 700 1$aJONES,$bBurton W.$048045 801 0$aIT$bsalbc$gISBD 912 $a990003257090203316 951 $a512.5 JON$b28528 EC$c512.5$d00207181 959 $aBK 969 $aTEC 979 $aRSIAV4$b90$c20090527$lUSA01$h1640 996 $aLinear algebra$9436642 997 $aUNISA